00393nam a2200121Ia 4500008004100000020001800041050001400059100001800073245005700091260002800148300001100176650008400187120626s9999 xx 000 0 und d a84-303-0124-0 aPF3645 M8 aMULLER, Franz aDiccionario Alemán Español / ed. Ramón Sopena aBarcelona: RAMON SOPENA a204 p. a1. Español diccionarios alemán 2. Alemán- Diccionarios- EspañolÌÌ